Open Source - vývoj webových aplikací : Linux, Apache, MySQL, Perl a PHP

Uložené v:
Podrobná bibliografia
Hlavní autori: Lee, James (Autor), Ware, Brent (Autor)
Médium: Kniha
Jazyk:Czech
Vydavateľské údaje: Praha : Mobil Media, 2003
Predmet:
Tagy: Pridať tag
Žiadne tagy, Buďte prvý, kto otaguje tento záznam!

MARC

LEADER 00000nam a22000003a 4500
001 stu137001
005 20150617225917.6
008 070112s2003----xr------------------cze-d
020 |a 80-86593-43-6 
040 |a STU  |b slo 
041 0 |a cze 
044 |a xr 
080 |a 004.432.2  |7 stu_us_auth*stu795 
080 |a 004.652.4 
080 |a 681.32.016 
100 1 |a Lee, James  |4 aut 
245 1 |a Open Source - vývoj webových aplikací :  |b Linux, Apache, MySQL, Perl a PHP 
260 |a Praha :  |b Mobil Media,  |c 2003 
300 |a 448 s 
650 7 |a skriptové jazyky  |2 stusub 
650 7 |a Linux  |2 stusub 
650 7 |a Apache  |2 stusub 
650 7 |a MySQL  |2 stusub 
650 7 |a Perl  |2 stusub 
650 7 |a PHP  |2 stusub 
700 1 |a Ware, Brent  |4 aut 
996 |b 284EK86677  |c E*86677  |l EE30  |s P  |a 0  |w stu137001_0001